| 000 | 00476nam a2200157Ia 4500 | ||
|---|---|---|---|
| 008 | 210716s2012 xx 000 0 und d | ||
| 020 | _a9788131518816 | ||
| 041 | _aeng | ||
| 082 | _a005.2766 SHEG | ||
| 100 | _aShelly, Gary B; Cashman, Thomas J; Quasney, Jeffrey J. | ||
| 245 | _aMicrosoft visual basic .net comprehensive concepts and techniques. | ||
| 250 | _a1 | ||
| 260 |
_aNew Delhi _bCengage Learning _c2012 |
||
| 300 | _axvi,1.01-8.78;I.13 | ||
| 650 | _aVisual Basic | ||
| 999 |
_c193652 _d193652 |
||